Catálogo
 En Linea

Cáncer bucal / (Registro nro. 45610)

Detalles MARC
000 -CABECERA
campo de control de longitud fija 01037nam a2200277 u 4500
001 - NÚMERO DE CONTROL
campo de control 000046121
005 - FECHA Y HORA DE LA ÚLTIMA TRANSACCIÓN
campo de control 20240410184606.0
008 - DATOS DE LONGITUD FIJA--INFORMACIÓN GENERAL
campo de control de longitud fija 100813s2016 dr 000 0 spa d
020 ## - NÚMERO INTERNACIONAL ESTÁNDAR DEL LIBRO
Número Internacional Estándar del Libro 9789945602005 (v. 1)
020 ## - NÚMERO INTERNACIONAL ESTÁNDAR DEL LIBRO
Número Internacional Estándar del Libro 9789945602012 (v. 2)
040 ## - FUENTE DE LA CATALOGACIÓN
Centro catalogador/agencia de origen DO-SdBNP
Lengua de catalogación spa
Centro/agencia transcriptor BNPHU
082 ## - NÚMERO DE LA CLASIFICACIÓN DECIMAL DEWEY
Número de clasificación 616.99431
Número de documento/Ítem N972c
100 1# - ENTRADA PRINCIPAL--NOMBRE DE PERSONA
Nombre de persona Núñez Gil, Zoilo
9 (RLIN) 74178
245 10 - MENCIÓN DE TÍTULO
Título Cáncer bucal /
Mención de responsabilidad, etc. Zoilo Núñez Gil.
260 ## - PUBLICACIÓN, DISTRIBUCIÓN, ETC.
Lugar de publicación, distribución, etc. Santo Domingo :
Nombre del editor, distribuidor, etc. UCNE,
Fecha de publicación, distribución, etc. 2016.
300 ## - DESCRIPCIÓN FÍSICA
Extensión 2v. :
Otras características físicas il. ;
Dimensiones 23 cm.
504 ## - NOTA DE BIBLIOGRAFÍA, ETC.
Nota de bibliografía, etc. Bibliografía: p. 549-552 (v.1); p.283-301 (v.2)
505 0# - NOTA DE CONTENIDO CON FORMATO
Nota de contenido con formato v. 1:
Título Oncología y cirugía --
Información miscelánea v. 2 :
Título Oncología y cirugía del cuello.
590 ## - NOTA LOCAL (RLIN)
Nota local Inventariado, 2019/MFF
590 ## - NOTA LOCAL (RLIN)
Nota local La biblioteca posee 1 ejemplar autografiado por el autor
500 ## - NOTA GENERAL
Nota general Incluye referencias bibliográficas y notas al pie de las páginas
650 #4 - PUNTO DE ACCESO ADICIONAL DE MATERIA--TÉRMINO DE MATERIA
Término de materia o nombre geográfico como elemento de entrada Boca
Subdivisión general Neoplásmas
9 (RLIN) 74179
650 #0 - PUNTO DE ACCESO ADICIONAL DE MATERIA--TÉRMINO DE MATERIA
Término de materia o nombre geográfico como elemento de entrada ODONTOLOGÍA
9 (RLIN) 20035
710 2# - PUNTO DE ACCESO ADICIONAL--NOMBRE DE ENTIDAD CORPORATIVA
Nombre de entidad corporativa o nombre de jurisdicción como elemento de entrada Universidad Católica Nordestana (República Dominicana)
9 (RLIN) 74180
910 ## - DATOS DE OPCIÓN DEL USUARIO (OCLC)
Datos de opción del usuario Validado. Control de calidad MFF
Existencias
Estado de retiro Estado de pérdida No para préstamo Código de colección Localización permanente Ubicación/localización actual Ubicación en estantería Fecha de adquisición Número de inventario Total de préstamos Signatura topográfica completa Código de barras Fecha visto por última vez Precio válido a partir de Tipo de ítem Koha Restricciones de uso
    Excluido de préstamo Patrimonio Dominicano Patrimonio Dominicano Patrimonio Dominicano Depósito 24.06.2015 LF1   616.99431 N972c | v. 1 46121-10 25.06.2020 25.06.2020 Libro y Folleto Colección Patrimonio Dominicano  
    Excluido de préstamo Patrimonio Dominicano Patrimonio Dominicano Patrimonio Dominicano Depósito 24.06.2015 LF1   616.99431 N972c | v 1, e. 2 46121-20 25.06.2020 25.06.2020 Libro y Folleto Colección Patrimonio Dominicano  
      Patrimonio Dominicano Patrimonio Dominicano Patrimonio Dominicano Depósito 24.06.2015 LF1   616.99431 N972c | v 1, e. 3 46121-30 25.06.2020 25.06.2020 Libro y Folleto Colección Patrimonio Dominicano  
      Patrimonio Dominicano Patrimonio Dominicano Patrimonio Dominicano Depósito 24.06.2015 LF1   616.99431 N972c | v 2 46121-40 25.06.2020 25.06.2020 Libro y Folleto Colección Patrimonio Dominicano  
      Patrimonio Dominicano Patrimonio Dominicano Patrimonio Dominicano Depósito 24.06.2015 LF1   616.99431 N972c | v 2, e. 2 46121-50 25.06.2020 25.06.2020 Libro y Folleto Colección Patrimonio Dominicano  
    Excluido de préstamo Patrimonio Dominicano Patrimonio Dominicano Patrimonio Dominicano Depósito 24.05.2017 LF1   616.99431 N972c | v. 2. e. 2 46121-60 25.06.2020 25.06.2020 Libro y Folleto Colección Patrimonio Dominicano  

Con tecnología Koha